000 00810cam a2200241 4500
008 000000n2001 000 0 eng u
020 _a0750646071
035 _a(Sirsi) u105588
050 _a728.5
100 _aRutes, Walter A.
245 _aHotel design and planning development
260 _aOxford
_bArchitectural Press
_c2001
300 _aix,422p. : ill. ; 28cm.
350 _a60.00
520 _aAn illustrated overview of hotel types currently opened or being developed around the world, together with a design guide and advice on the development process and hotel management.
650 _aHOTELS
650 _aHOTEL DEVELOPMENT
650 _aINTERIOR DESIGN
690 _aBUILT ENVIRONMENT-CONSTRUCTION DESIGN
700 _aPenner, Richard H.
700 _aAdams, L.
942 _n0
999 _c100427
_d100427